مكتبة جامعة عجلون الوطنية

فهرس بحث المكتبة

تعزيز الذات المهنية للمرشدين الزراعيين = Enhancing Professional Self of Agricultural Extension Agents (Record no. 33745)

MARC details
000 -LEADER
fixed length control field 00722nam a22001817a 4500
003 - CONTROL NUMBER IDENTIFIER
control field JO-AjAnu
005 - DATE AND TIME OF LATEST TRANSACTION
control field 20241019100621.0
008 - FIXED-LENGTH DATA ELEMENTS--GENERAL INFORMATION
fixed length control field 241019b jo ||||| |||| 00| 0 ara d
020 ## - INTERNATIONAL STANDARD BOOK NUMBER
International Standard Book Number 978-977-440-591-5
040 ## - CATALOGING SOURCE
Transcribing agency JO-AjAnu
041 ## - LANGUAGE CODE
Language code of original ARA
100 ## - MAIN ENTRY--PERSONAL NAME
Personal name إبنعوف، محمود حسن عمر
9 (RLIN) 66292
245 ## - TITLE STATEMENT
Title تعزيز الذات المهنية للمرشدين الزراعيين = Enhancing Professional Self of Agricultural Extension Agents
Statement of responsibility, etc. / محمود حسن عمر إبنعوف
260 ## - PUBLICATION, DISTRIBUTION, ETC.
Place of publication, distribution, etc. القاهرة :
Name of publisher, distributor, etc. الدار العالمية للنشر والتوزيع،
Date of publication, distribution, etc. 2024
300 ## - PHYSICAL DESCRIPTION
Extent 178 صفحة
650 ## - SUBJECT ADDED ENTRY--TOPICAL TERM
Form subdivision المرشدين الزراعيين-تعزيز الذات
942 ## - ADDED ENTRY ELEMENTS (KOHA)
Source of classification or shelving scheme Library of Congress Classification
Koha item type Books
Suppress in OPAC No
Holdings
Withdrawn status Lost status Source of classification or shelving scheme Damaged status Not for loan Home library Current library Date acquired Total Checkouts Full call number Barcode Date last seen Price effective from Koha item type
    Library of Congress Classification     مكتبة جامعة عجلون الوطنية مكتبة جامعة عجلون الوطنية 19/10/2024   S544.2024 A30090 19/10/2024 19/10/2024 Books